Calculs successifs #1 - Statistiques

Statistiques générales
  • Ce quiz a été pris 83 fois
  • Le résultat moyen est 22 sur 30
Statistiques - réponses
Opération Réponse % Correct
4x7= 28
100%
- -7 = 35
88%
+ -4 = -11
77%
+ 8 = -14
77%
x 2 = -22
77%
: -5 = -7
77%
: 2 = -36
76%
+ -4 = -40
76%
× 3 = -42
76%
+ -6 = -48
76%
x 7 = 56
76%
: -8 = 6
76%
- -8 = 64
76%
x 9 = -72
76%
+ 2 = 8
76%
: -8 = -8
76%
: 5 = -8
76%
- 10 = -18
75%
x -3 = -27
75%
: -2 = 9
75%
+ 12 = -15
73%
+ -4 = 50
69%
x 6 = 54
69%
: -10 = 9
69%
x 6 = -90
69%
x -3 = -150
68%
- -50 = -100
67%
: 4 = -25
67%
+ 30 = 5
67%
x -1 = -5
67%
Aucun quiz correspondant
Distribution des résultats
% des personnes avec chaque résultat
Percentile par nombre de réponses
Votre historique - résultats
Vous n’avez pas pris ce quiz